000 00278nam a22001217a 4500
008 170612b xxu||||| |||| 00| 0 eng d
041 _aeng
080 _a32
100 _a19
101 _aSHP
245 _aNEGROES AND THE NEW SOUTHERN POLITICS
_cMATTHEWS,D.R
942 _2udc
_cBK
999 _c16825
_d16825